Giáo dục tính dục

Na minha lista:
Detalhes bibliográficos
Autor principal: Đào Xuân Dũng
Formato: Livro
Idioma:Undetermined
Publicado em: Hà Nội Thanh niên 1995
Assuntos:
Tags: Adicionar Tag
Sem tags, seja o primeiro a adicionar uma tag!
Thư viện lưu trữ: Trung tâm Học liệu Trường Đại học Cần Thơ
LEADER 00506nam a2200181Ia 4500
001 CTU_7307
008 210402s9999 xx 000 0 und d
082 |a 613.95 
082 |b D513 
100 |a Đào Xuân Dũng 
245 0 |a Giáo dục tính dục 
245 0 |c Đào Xuân Dũng 
260 |a Hà Nội 
260 |b Thanh niên 
260 |c 1995 
650 |a health education 
904 |i Nguyễn Quang Điền, 960816 
980 |a Trung tâm Học liệu Trường Đại học Cần Thơ